000
00323nam a2200133Ia 4500
008
200103s9999||||xx |||||||||||||| ||und||
040
_a
IMU-MPC
082
_a
Column-12
100
_a
The nautical Institute
245
0
_a
Training future watchkeepers
260
_b
The nautical Institute
_c
1998
300
_a
53
942
_c
BK
999
_c
4763
_d
4763